01287 a2200181 4500003000500000005001700005008004100022020001800063041000900081082001800090100001800108245006900126250000600195260004300201300001200244500082200256650002701078OSt 20241221160115.0241122b |||||||| |||| 00| 0 eng d a9788189966683 dEng. a610.73072/ARY aArya, Sandeep aProfessionalism Professional Values & Ethics Including Bioethics a1 bFrontline Publicationc2023aHyderabad a174 Pg. a caring, compassion, empathy, integrity, privacy, confidentiality, honesty, human dignity, and loyalty,Competence. As a professional, you get the job done – and done well. ... Knowledge. Professionalism involves developing detailed, up-to-date knowledge, which is often highly specialized . ... Conscientiousness. ... Integrity. ... Respect. ... Emotional Intelligence. ... Appropriateness. ... Confidence,Bioethics is the study of ethical, social, and legal issues that arise in biomedicine and biomedical research,Professional ethics are principles that govern the behaviour of a person or group in a business environment,ethics refers to well-founded standards of right and wrong that prescribe what humans ought to do, usually in terms of rights, obligations, benefits to society, fairness, or specific virtues. aFundamental of Nursing